000 00904cam a22002533a 4500
001 1633
003 PGUSA
005 20140828083004.0
008 990201s1999||||xxu|||||s|||||000 1 eng d
040 _aPGUSA
_beng
042 _adc
050 4 _aPS
100 1 _aHale, Edward Everett,
_d1822-1909
245 1 4 _aThe Brick Moon, and other stories
_h[electronic resource] /
_cEdward Everett Hale
260 _bProject Gutenberg,
_c1999
505 0 _aThe brick moon -- Crusoe in New York -- Bread on the waters -- The lost palace -- 99 Linwood Street -- Ideals -- Thanksgiving at the polls -- The survivor's story
506 _aPublic domain in the USA.
516 _aElectronic text
653 _aUnited States -- Social life and customs -- 19th century -- Fiction
653 _aShort stories
830 0 _aProject Gutenberg
_v1633
856 4 0 _uhttp://www.gutenberg.org/ebooks/1633
942 _cEB
999 _c230981
_d230981